[Event "Aimchess Rapid Div 2 W"]
[Site "chess.com INT"]
[Date "2023.07.14"]
[Round "5.5"]
[White "Lazavik, Denis"]
[Black "Sevian, Samuel"]
[Result "1/2-1/2"]
[WhiteTitle "GM"]
[BlackTitle "GM"]
[WhiteElo "2553"]
[BlackElo "2698"]
[WhiteFideId "13515110"]
[BlackFideId "2040506"]
[EventDate "2023.07.10"]
[EventType "k.o."]

1. d4 Nf6 2. c4 e6 3. Nc3 Bb4 4. e3 O-O 5. Bd3 d5 6. cxd5 exd5 7. a3 Bd6 8. Qc2
b6 9. Nge2 c5 10. b3 Nc6 11. O-O Bb7 12. Nb5 Be7 13. dxc5 bxc5 14. Bb2 a6 15.
Nbc3 Ne5 16. Rfd1 Bd6 17. Ng3 g6 18. Be2 Re8 19. Rac1 Rc8 20. Qd2 Qb6 21. Ba1 d4
22. exd4 cxd4 23. b4 d3 24. Bxd3 Nxd3 25. Qxd3 Bf4 26. Na4 Qb5 27. Rxc8 Bxc8 28.
Qxb5 axb5 29. Nb6 Bg4 30. f3 Be3+ 31. Kh1 Bxb6 32. Bxf6 Be6 33. Ne4 Ra8 34. Bb2
Rd8 35. Rc1 h5 36. h4 Bc4 37. a4 Be3 38. Re1 Ba7 39. a5 f5 40. Nc5 Bxc5 41. bxc5
b4 42. Re7 Rd2 43. Bf6 b3 44. Rb7 Rc2 45. Rb6 Kf7 46. Bd4 Rd2 47. Bc3 Rc2 48.
Be5 Re2 49. Bh8 Re8 50. Bd4 Rd8 51. Rb7+ Ke6 52. Bg7 Kd5 53. Rc7 Rb8 54. Bb2 Rb5
55. a6 Rxc5 56. a7 Ra5 57. Kh2 Bb5 58. Bc1 Bc6 59. Kg3 Ra4 60. Rg7 f4+ 61. Kh2
Ba8 62. Bb2 Ra2 63. Bc3 b2 64. Bxb2 Rxb2 65. Rxg6 Ra2 66. Rg7 Ke5 67. Kh3 Bd5
68. Rg5+ Kd6 69. Rxh5 Be6+ 70. Kh2 Rxa7 71. Rh6 Ke5 72. Rh5+ Kf6 73. Rc5 Rh7 74.
g3 fxg3+ 75. Kxg3 Rg7+ 76. Kf4 Rd7 77. h5 Rd5 78. Rc1 Rxh5 79. Rg1 Rf5+ 80. Ke3
Re5+ 81. Kf2 Rf5 82. Rc1 Bd5 83. Ke3 Bxf3 84. Ra1 Bd5 85. Kd4 Be6 86. Ra8 Rd5+
87. Ke4 Rf5 88. Rf8+ Ke7 89. Rb8 Rd5 90. Rb7+ Rd7 91. Rb6 Rd5 92. Rb8 Rd7 93.
Rb2 Rd5 94. Rh2 Rd7 95. Rh7+ Kd6 96. Rh6 Ke7 97. Ke5 Rd5+ 98. Kf4 Kd6 99. Rg6
Rf5+ 100. Ke4 Rd5 101. Ke3 Re5+ 102. Kf4 Rf5+ 103. Ke4 Rd5 104. Rg1 Re5+ 105.
Kd4 Rd5+ 106. Kc3 Re5 107. Kb4 Rd5 108. Re1 Rd4+ 109. Kc3 Rd5 110. Rg1 Re5 111.
Rg7 Rc5+ 112. Kd4 Rd5+ 113. Kc3 Re5 114. Kb4 Re4+ 115. Kb5 Re5+ 116. Kb6 Rd5
117. Rg6 Ke5 118. Rg5+ Bf5 119. Rg7 Rd4 120. Re7+ Kf4 121. Rg7 Re4 122. Kc5 Re6
123. Kd5 Rg6 124. Rf7 Rg3 125. Rf8 Rd3+ 126. Kc5 Ke5 127. Re8+ Be6 128. Rf8 Rc3+
129. Kb4 Rc4+ 130. Kb5 Rf4 131. Re8 Rf5 132. Rh8 Kf6+ 133. Kb6 Rd5 1/2-1/2

[Event "Aimchess Rapid Div 2 W"]
[Site "chess.com INT"]
[Date "2023.07.14"]
[Round "6.1"]
[White "Lazavik, Denis"]
[Black "Sevian, Samuel"]
[Result "1/2-1/2"]
[WhiteTitle "GM"]
[BlackTitle "GM"]
[WhiteElo "2553"]
[BlackElo "2698"]
[WhiteFideId "13515110"]
[BlackFideId "2040506"]
[EventDate "2023.07.10"]
[EventType "k.o."]

1. d4 Nf6 2. c4 e6 3. Nf3 d5 4. g3 dxc4 5. Bg2 c5 6. O-O Nc6 7. dxc5 Qxd1 8.
Rxd1 Bxc5 9. Nbd2 c3 10. bxc3 O-O 11. Nb3 Be7 12. c4 Bd7 13. Bb2 Rfd8 14. Nfd4
Rac8 15. Nb5 b6 16. Nd6 Bxd6 17. Rxd6 Be8 18. Rxd8 Nxd8 19. Rc1 Bc6 20. c5 Bxg2
21. Kxg2 Nd7 22. cxb6 Rxc1 23. Bxc1 Nxb6 24. Kf3 Nc6 25. Ke4 f5+ 26. Kd3 Kf7 27.
Ba3 e5 28. e4 g6 29. f3 Ke6 30. Nc5+ Kf7 31. Nb3 Ke6 32. Nc5+ Kf7 33. Nb3 1/2-1/2

[Event "Aimchess Rapid Div 2 W"]
[Site "chess.com INT"]
[Date "2023.07.14"]
[Round "6.2"]
[White "Sevian, Samuel"]
[Black "Lazavik, Denis"]
[Result "1/2-1/2"]
[WhiteTitle "GM"]
[BlackTitle "GM"]
[WhiteElo "2698"]
[BlackElo "2553"]
[WhiteFideId "2040506"]
[BlackFideId "13515110"]
[EventDate "2023.07.10"]
[EventType "k.o."]

1. e4 e5 2. Nf3 Nc6 3. Bc4 Bc5 4. d3 Nf6 5. O-O d6 6. a4 a6 7. Be3 Bxe3 8. fxe3
O-O 9. Qe1 Ne7 10. Nh4 Be6 11. Nd2 Qd7 12. Qg3 Bxc4 13. Nxc4 Qg4 14. Qe1 Qe6 15.
b3 g6 16. a5 Kg7 17. Nf3 h6 18. Nh4 Neg8 19. h3 Rae8 20. Qb4 Qc8 21. Rf2 Nh7 22.
Raf1 Ngf6 23. Kh2 Re6 24. Nf3 1/2-1/2

[Event "Aimchess Rapid Div 2 W"]
[Site "chess.com INT"]
[Date "2023.07.14"]
[Round "6.3"]
[White "Sevian, Samuel"]
[Black "Lazavik, Denis"]
[Result "1/2-1/2"]
[WhiteTitle "GM"]
[BlackTitle "GM"]
[WhiteElo "2698"]
[BlackElo "2553"]
[WhiteFideId "2040506"]
[BlackFideId "13515110"]
[EventDate "2023.07.10"]
[EventType "k.o."]

1. c4 Nf6 2. Nc3 e5 3. Nf3 Nc6 4. g3 d5 5. cxd5 Nxd5 6. Bg2 Bc5 7. d3 O-O 8. O-O
h6 9. Nxd5 Qxd5 10. b3 e4 11. dxe4 Qxe4 12. Bb2 Rd8 13. Qc1 Qe7 14. e3 Bf5 15.
a3 Be4 16. Qc3 Qf8 17. b4 Be7 18. b5 Bf6 19. Qc1 Bxb2 20. Qxb2 Na5 21. Rfc1 c5
22. bxc6 Bxc6 23. Rc3 Rac8 24. Rac1 b6 25. Bh3 Bd7 26. Bxd7 Rxc3 27. Rxc3 Rxd7
28. Nd4 Nb7 29. Qb5 Nc5 30. a4 Rd6 31. a5 Qa8 32. Qb1 Qe4 33. Qxe4 Nxe4 34. Rc8+
Kh7 35. Rc7 bxa5 36. Rxa7 Rf6 37. f3 Nd2 38. Kf2 Nc4 39. g4 g6 40. Rc7 Ne5 41.
Kg3 a4 42. Ra7 Nc4 43. e4 Rd6 44. Nb5 Rd3 45. Rxf7+ Kg8 46. Ra7 a3 47. Ra4 Nd2
48. Rxa3 Nxe4+ 49. Kf4 Rxa3 50. Nxa3 Nf6 51. Ke5 Kf7 52. Nc4 Ke7 53. Nb6 Kf7 54.
h4 Ne8 55. Nd5 Ng7 56. Ne3 Ke7 57. f4 Kf7 58. f5 Ne8 59. Nd5 gxf5 60. gxf5 Ng7
61. Nf6 h5 62. Ne4 Ne8 63. Ng3 Nf6 64. Kf4 Kg7 65. Kg5 Nh7+ 66. Kxh5 Kf6 67. Kg4
Ke5 68. Nh5 Ke4 69. Ng3+ Ke5 70. Kh5 Kf6 71. Kh6 Nf8 72. h5 Nd7 73. Kh7 Ne5 74.
Kg8 Ng4 75. Kh7 Ne5 76. Nf1 Kxf5 77. Kg7 Ng4 78. Ne3+ Kg5 79. Nxg4 Kxh5 1/2-1/2